000 00423nam a2200181Ia 4500
003 ARRUPE
005 20160307145734.0
008 130307s9999 xx 000 0 und d
040 _cARRUPELIB
050 _aPR6045.O72T6 1927
100 _aWoolf, Virginia (Stephen)
_922776
245 _aTo the lighthouse
260 _aNY
260 _bHarcourt, Brace
260 _c1927
300 _a310p
942 _2lcc
_cMONOGRAPH
999 _c87830
_d87830